|
|
|
|
| LEADER |
00856cas a2200193 a 4500 |
| 001 |
AALejournalSpringer003653 |
| 008 |
230103c9999 xx r poo 0 0eng d |
| 022 |
|
|
|a 2730-6275
|
| 022 |
|
|
|a 2730-6283
|
| 040 |
|
|
|a BD-DhAAL
|c BD-DhAAL
|
| 245 |
0 |
0 |
|h [electronic resource]
|a Biopharma Dealmakers
|
| 300 |
|
|
|a 1 online resource
|
| 362 |
0 |
|
|a Vol. 9, no. 2
|
| 500 |
|
|
|a <strong>Off-Campus Access:</strong> Athens ID and Password Required
|
| 500 |
|
|
|a <strong>On-Campus Access:</strong> No User ID or Password Required
|
| 506 |
|
|
|a Electronic access restricted to authorized BRAC University faculty, staff and students
|
| 538 |
|
|
|a Mode of access: Internet
|
| 856 |
4 |
0 |
|z Full text available on Springer
|u https://www.nature.com/biopharmdeal
|
| 856 |
4 |
0 |
|z Off-campus access
|u https://go.openathens.net/redirector/bracu.ac.bd?url=https%3A%2F%2Fwww.nature.com%2Fbiopharmdeal
|